Zdravotný stav obyvateľov SR v porovnaní so susednými štátmi a Európskou úniou

Bibliographic Details
Main Author: Ginter, Emil, 1931- (Author)
Format: Article
Language:Slovak
PhysicalDescription:Obr.
Subjects:

MARC

LEADER 00000nab a2200000 a 4500
001 vtls000786680
003 SK-MaSNL
005 20260426083126.0
008 250429c2001 xo 0 slo
015 |a SNBRB2002/04-11817 
035 |a CLN000138335 
035 |a urn:nbn:sk:snk-ab2jem 
035 |a (urnnbn)urn:nbn:sk:snk:ar-a02i4h 
035 |a (uuid)f07e7dc7-e21a-43f8-96d5-d4981ca567b8 
040 |a SNKBUCL  |b slo  |c SNKBUCL  |e AACR2 
041 0 |a slo 
044 |a xo  |c SK 
080 |a 614.1(437.6):614.1(4)  |2 1997 
100 1 |a Ginter, Emil,  |d 1931-  |4 aut  |9 110418 
245 1 0 |a Zdravotný stav obyvateľov SR v porovnaní so susednými štátmi a Európskou úniou  |c Emil Ginter 
300 |b Obr. 
610 7 |a Európska únia  |2 snkbucl  |9 29861 
650 0 7 |a obyvateľstvo  |x stav zdravotný  |z Slovensko  |x Európska únia  |2 snkbucl  |9 1443154 
650 0 7 |a stav zdravotný  |x obyvateľstvo  |z Slovensko  |x Európska únia  |2 snkbucl  |9 1443155 
650 0 7 |a chorobnosť  |z Slovensko  |x Európska únia  |2 snkbucl  |9 1443156 
650 0 7 |a úmrtnosť  |z Slovensko  |x Európska únia  |2 snkbucl  |9 1443157 
650 0 7 |a stav zdravotný  |2 snkbucl  |9 394390 
650 0 7 |a chorobnosť  |2 snkbucl  |9 316080 
650 0 7 |a príčina smrti  |2 snkbucl  |9 839241 
650 0 7 |a štatistika  |2 snkbucl  |9 778 
651 7 |a Slovensko  |2 snkbucl  |9 14231 
655 7 |a články z novín a časopisov  |2 snkbucl  |9 267496 
773 0 |t Lekárnik  |g Roč. 6, č. 7 (2001), s. 13 
850 |a Slovenská národná knižnica 
852 |a Slovenská národná knižnica 
954 |a odborná, vedecká literatúra pôvodná (slovenská)  |2 lita 
958 |a article27 
958 |a OND 
958 |a MI 
958 |a SK 
958 |a EUIPO 
992 |a RBX 
999 |c 2895852  |d 2897782